Music Quiz

Random Music or The Beatles Quiz

Paul McCartney Everybody Out There Lyrics Quiz Stats

 Plays Quiz not verified by Sporcle

Challenge
Share
Tweet
Embed
Score 0/163 Timer 08:00
0 Plays Today
Lyrics % Correct
Everybody
97.7%
out
97.7%
there,
97.7%
There
97.7%
there
97.7%
Everybody
97.7%
out
97.7%
there,
97.7%
Everybody
97.7%
out
97.7%
there.
97.7%
Everybody
97.7%
out
97.7%
there,
97.7%
Everybody
97.7%
out
97.7%
there.
97.7%
There
97.7%
There
97.7%
Everybody
97.7%
out
97.7%
there,
97.7%
Everybody
97.7%
out
97.7%
there.
97.7%
a
95.5%
a
95.5%
a
95.5%
a
95.5%
the
95.5%
the
95.5%
and
95.5%
the
95.5%
the
95.5%
the
95.5%
and
95.5%
a
95.5%
a
95.5%
the
95.5%
and
95.5%
the
95.5%
the
95.5%
the
95.5%
and
95.5%
I
93.2%
I.
93.2%
I.
93.2%
I
93.2%
I.
93.2%
I.
93.2%
You
90.9%
you
90.9%
you
90.9%
You
90.9%
you
90.9%
Lyrics % Correct
you
90.9%
you,
90.9%
you,
90.9%
you
90.9%
you
90.9%
you
90.9%
you,
90.9%
you,
90.9%
you
90.9%
go
88.6%
go
88.6%
go
88.6%
go
88.6%
Hey,
86.4%
Hey,
86.4%
It
86.4%
Hey,
86.4%
it
86.4%
Hey,
86.4%
Hey,
86.4%
Hey,
86.4%
know
81.8%
it's
81.8%
got
81.8%
got
81.8%
got
81.8%
what
79.5%
like,
79.5%
Do
79.5%
Do
79.5%
life,
77.3%
life.
77.3%
to
77.3%
When
75%
haven't
75%
When
75%
haven't
75%
make
75%
difference,
75%
When
75%
haven't
75%
When
75%
have
75%
When
75%
have
75%
in
72.7%
of
72.7%
of
72.7%
in
72.7%
of
72.7%
of
72.7%
in
72.7%
of
72.7%
can
70.5%
give
68.2%
Lyrics % Correct
God
68.2%
God
68.2%
God
68.2%
God
68.2%
some
65.9%
for
65.9%
sky.
65.9%
For
65.9%
for
65.9%
some
65.9%
for
65.9%
sky.
65.9%
for
65.9%
some
65.9%
grace
63.6%
We're
63.6%
grace
63.6%
good
63.6%
before
63.6%
was
63.6%
was
63.6%
grace
63.6%
We're
63.6%
grace
63.6%
good
63.6%
before
63.6%
mine.
61.4%
brightest
61.4%
say
61.4%
goodbye.
61.4%
trying
61.4%
remember,
61.4%
didn't
61.4%
friend,
61.4%
didn't
61.4%
friend.
61.4%
brightest
61.4%
Remember,
61.4%
say
61.4%
goodbye.
61.4%
line,
59.1%
time,
59.1%
objects
59.1%
objects
59.1%
How
56.8%
bad
56.8%
then.
56.8%
stand
54.5%
but
54.5%
but
54.5%
but
54.5%
but
54.5%
won't
43.2%

You're not logged in!

Compare scores with friends on all Sporcle quizzes.
OR
Log In

You Might Also Like...

Show Comments

Extras

Top Quizzes Today


Score Distribution

Your Account Isn't Verified!

In order to create a playlist on Sporcle, you need to verify the email address you used during registration. Go to your Sporcle Settings to finish the process.

Report this User

Report this user for behavior that violates our Community Guidelines.

Details: